000 00386nam a22001577a 4500
005 20160426142640.0
008 160426b xxu||||| |||| 00| 0 eng d
020 _a81-203-2235-5
041 _aeng
082 _b00111
100 _aTana, Hamdy A
_958
245 _aOperations Research an Introduction
260 _aNew Delhi
_bPrentice hall of India,
_c2003
300 _a830
942 _cBK
999 _c24
_d24